[Event "Titled Tuesday intern op 31st Jan Early"]
[Site "Chess.com INT"]
[Date "2023.01.31"]
[Round "6"]
[White "Paterek, Michal"]
[Black "Veiga, Jose Francisco RP"]
[Result "1-0"]
[WhiteElo "2307"]
[BlackElo "2403"]
[PlyCount "121"]
[EventDate "2023.01.31"]
[EventType "swiss (blitz)"]
[EventRounds "11"]
[EventCountry "USA"]
[SourceTitle "CBM 212 Extra"]
[Source "ChessBase"]
[SourceDate "2023.03.31"]
[SourceVersion "1"]
[SourceVersionDate "2023.03.31"]
[SourceQuality "1"]

1. d4 Nf6 2. Nf3 g6 3. g3 Bg7 4. Bg2 0-0 5. 0-0 d5 6. c4 dxc4 7. Na3 Nc6 8. Nxc4 Be6 9. b3 Bd5 10. Bb2 a5 11. Rc1 b5 12. Nce5 Ra6 13. Rc5 b4 14. Nxc6 Bxc6 15. Qc1 Bxf3 16. Bxf3 Ra7 17. Rd1 Nd7 18. Rc6 Qb8 19. h4 e5 20. d5 f5 21. d6 cxd6 22. Rdxd6 e4 23. Bxg7 Kxg7 24. Bg2 Ne5 25. Qb2 Re7 26. Re6 Rfe8 27. Rxe7+ Rxe7 28. Rc5 Kh6 29. Qd2+ Kg7 30. Rxa5 Qb6 31. Qd5 Ng4 32. e3 Rc7 33. Bf1 Rc1 34. Qd7+ Kh6 35. Ra7 Kh5 36. Qxh7+ Nh6 37. Kg2 Rxf1 38. Kxf1 Qb5+ 39. Kg2 Qe2 40. Rg7 Qf3+ 41. Kg1 Qd1+ 42. Kh2 Qg4 43. Qh8 f4 44. exf4 e3 45. Rh7 Qg5 46. fxg5 Kg4 47. Rxh6 Kf3 48. Qf8+ Ke2 49. fxe3 Kd2 50. Rxg6 Kc2 51. Rd6 Kb2 52. Qf4 Kxa2 53. Qxb4 Kb2 54. Qb7 Kc1 55. Qc7+ Kb2 56. b4 Kb1 57. b5 Ka2 58. b6 Kb2 59. b7 Ka1 60. b8Q Ka2 61. Qca7# 1-0

[Event "Titled Tuesday intern op 24th Jan Late"]
[Site "Chess.com INT"]
[Date "2023.01.24"]
[Round "5"]
[White "Paterek, Michal"]
[Black "Sariego Figueredo, Wilfredo"]
[Result "0-1"]
[WhiteElo "2307"]
[BlackElo "2318"]
[PlyCount "72"]
[EventDate "2023.01.24"]
[EventType "swiss (blitz)"]
[EventRounds "11"]
[EventCountry "USA"]
[SourceTitle "EXT 2024"]
[Source "ChessBase"]
[SourceDate "2023.10.10"]
[SourceVersion "1"]
[SourceVersionDate "2023.10.10"]
[SourceQuality "1"]

1. d4 d5 2. Nf3 Nf6 3. g3 Bf5 4. Bg2 c6 5. 0-0 Nbd7 6. Nh4 e6 7. Nxf5 exf5 8. c4 Ne4 9. f3 Nef6 10. Qc2 g6 11. Nc3 Bg7 12. e4 fxe4 13. fxe4 dxe4 14. Nxe4 0-0 15. Be3 Nxe4 16. Bxe4 Nf6 17. Bf3 Re8 18. Bf2 Qc7 19. Rad1 Rad8 20. Kg2 h5 21. h3 Nd7 22. b4 Nb6 23. a4 Qe7 24. Qb3 Qg5 25. b5 cxb5 26. axb5 Re7 27. d5 h4 28. g4 Be5 29. c5 Nc8 30. d6 Red7 31. Qe3 Bf4 32. Qe4 b6 33. Bxh4 Qxh4 34. Qxf4 bxc5 35. Bd5 Nxd6 36. Ba2 Qh7 0-1

[Event "Titled Tuesday intern op 27th Dec Late"]
[Site "Chess.com INT"]
[Date "2022.12.27"]
[Round "7"]
[White "Paterek, Michal"]
[Black "Ballester Llagaria, Luis Eduardo"]
[Result "1-0"]
[WhiteElo "2307"]
[BlackElo "2298"]
[PlyCount "61"]
[EventDate "2022.12.27"]
[EventType "swiss (blitz)"]
[EventRounds "11"]
[EventCountry "USA"]
[SourceTitle "EXT 2024"]
[Source "ChessBase"]
[SourceDate "2023.10.10"]
[SourceVersion "1"]
[SourceVersionDate "2023.10.10"]
[SourceQuality "1"]

1. d4 d5 2. c4 dxc4 3. e3 Nf6 4. Bxc4 e6 5. Ne2 a6 6. a3 b5 7. Ba2 Bb7 8. 0-0 Nbd7 9. Nbc3 Bd6 10. b4 Bxh2+ 11. Kxh2 Ng4+ 12. Kg3 Qg5 13. e4 Ne3+ 14. Kf3 Nf6 15. fxe3 Qh5+ 16. Kf2 Qh4+ 17. g3 Qh2+ 18. Ke1 0-0-0 19. Rxf6 gxf6 20. Kd2 Rhg8 21. Kd3 f5 22. exf5 e5 23. Bxf7 exd4 24. exd4 Rg4 25. Be6+ Kb8 26. Be3 Bf3 27. Qg1 Qh5 28. Nf4 Qe8 29. Qf2 Qc6 30. Rc1 Be4+ 31. Nxe4 1-0

[Event "Titled Tuesday intern op 27th Dec Early"]
[Site "Chess.com INT"]
[Date "2022.12.27"]
[Round "7"]
[White "Paterek, Michal"]
[Black "Goltseva, Ekaterina"]
[Result "0-1"]
[WhiteElo "2307"]
[BlackElo "2265"]
[PlyCount "80"]
[EventDate "2022.12.27"]
[EventType "swiss (blitz)"]
[EventRounds "11"]
[EventCountry "USA"]
[SourceTitle "EXT 2024"]
[Source "ChessBase"]
[SourceDate "2023.10.10"]
[SourceVersion "1"]
[SourceVersionDate "2023.10.10"]
[SourceQuality "1"]

1. d4 d5 2. Nf3 Nf6 3. g3 c5 4. Bg2 cxd4 5. Nxd4 e5 6. Nb3 Nc6 7. 0-0 Be6 8. Bg5 Be7 9. Nc3 d4 10. Na4 Nd7 11. Bxe7 Qxe7 12. c3 0-0 13. cxd4 Bxb3 14. axb3 exd4 15. Re1 Nde5 16. Rc1 Rfd8 17. Nc5 Rac8 18. Qd2 b6 19. Nd3 Na5 20. Rxc8 Rxc8 21. Nxe5 Qxe5 22. b4 Nc4 23. Rc1 h6 24. Qd3 b5 25. b3 Nd6 26. Rd1 Ne8 27. f4 Qe7 28. Qxd4 Qxe2 29. Bf1 Qc2 30. Bxb5 Nf6 31. Bf1 Qxb3 32. Kg2 Rc2+ 33. Rd2 Rxd2+ 34. Qxd2 g6 35. Be2 Nd5 36. b5 Ne3+ 37. Kf2 Nd5 38. h3 Nc3 39. Qd3 Qb4 40. Qc4 Ne4+ 0-1

[Event "Titled Tuesday intern op 27th Dec Late"]
[Site "Chess.com INT"]
[Date "2022.12.27"]
[Round "1"]
[White "Paterek, Michal"]
[Black "Talibov, Shiroghlan"]
[Result "0-1"]
[WhiteElo "2307"]
[BlackElo "2316"]
[PlyCount "64"]
[EventDate "2022.12.27"]
[EventType "swiss (blitz)"]
[EventRounds "11"]
[EventCountry "USA"]
[SourceTitle "EXT 2024"]
[Source "ChessBase"]
[SourceDate "2023.10.10"]
[SourceVersion "1"]
[SourceVersionDate "2023.10.10"]
[SourceQuality "1"]

1. d4 d6 2. Nf3 Nf6 3. c4 Nbd7 4. Nc3 e5 5. e4 c6 6. Be2 Be7 7. 0-0 Qc7 8. Re1 h6 9. Bf1 g5 10. h3 Nf8 11. c5 Ng6 12. cxd6 Bxd6 13. dxe5 Nxe5 14. Nxe5 Bxe5 15. Be3 Be6 16. Rc1 Qe7 17. Qa4 0-0 18. g3 Kh8 19. Bg2 Rfd8 20. f4 gxf4 21. gxf4 b5 22. Qa6 Bd4 23. Bxd4 Rxd4 24. Qxc6 Rg8 25. Rc2 b4 26. Nb5 Rd3 27. Kh2 Ng4+ 28. Kh1 Qh4 29. Rec1 Rxh3+ 30. Bxh3 Qxh3+ 31. Kg1 Ne3+ 32. Rg2 Rxg2# 0-1

[Event "Titled Tuesday intern op 27th Dec Late"]
[Site "Chess.com INT"]
[Date "2022.12.27"]
[Round "10"]
[White "Paterek, Michal"]
[Black "Wang, Alexander J"]
[Result "1-0"]
[WhiteElo "2307"]
[BlackElo "1815"]
[PlyCount "61"]
[EventDate "2022.12.27"]
[EventType "swiss (blitz)"]
[EventRounds "11"]
[EventCountry "USA"]
[SourceTitle "EXT 2024"]
[Source "ChessBase"]
[SourceDate "2023.10.10"]
[SourceVersion "1"]
[SourceVersionDate "2023.10.10"]
[SourceQuality "1"]

1. d4 d5 2. c4 e6 3. Nc3 c5 4. cxd5 exd5 5. Nf3 Nc6 6. e3 Nf6 7. Bb5 Bd7 8. 0-0 a6 9. Bxc6 Bxc6 10. Ne5 Be7 11. Nxc6 bxc6 12. dxc5 Bxc5 13. b3 0-0 14. Bb2 Be7 15. Rc1 Qd7 16. Qd3 Rfd8 17. Rfd1 c5 18. Na4 Qb5 19. Bxf6 Bxf6 20. Rxc5 Qxd3 21. Rxd3 d4 22. e4 Rac8 23. g3 Rxc5 24. Nxc5 Rc8 25. Nxa6 Ra8 26. Nb4 Rc8 27. Nd5 Rc2 28. a4 h5 29. Nxf6+ gxf6 30. Rxd4 Rb2 31. Rb4 1-0